Professional ethics guidance notes: Part 2 case studies (Record no. 122190)

MARC details
000 -LEADER
fixed length control field 00520cam a22001335a 4500
008 - FIXED-LENGTH DATA ELEMENTS--GENERAL INFORMATION
fixed length control field 250702s2000 xxk f 000 0 eng d
110 2# - MAIN ENTRY--CORPORATE NAME
Corporate name or jurisdiction name as entry element Royal Institution of Chartered Surveyors
Subordinate unit RICS Professional Regulation and Consumer Protection department
9 (RLIN) 5333
245 00 - TITLE STATEMENT
Title Professional ethics guidance notes: Part 2 case studies
260 ## - PUBLICATION, DISTRIBUTION, ETC.
Place of publication, distribution, etc. London,
Name of publisher, distributor, etc. RICS,
Date of publication, distribution, etc. 2000
300 ## - PHYSICAL DESCRIPTION
Extent 15p.
Dimensions 30cm.
651 #4 - SUBJECT ADDED ENTRY--GEOGRAPHIC NAME
Geographic name United Kingdom
690 ## - LOCAL SUBJECT ADDED ENTRY--TOPICAL TERM (OCLC, RLIN)
Topical term or geographic name as entry element MANAGEMENT-BUSINESS MANAGEMENT-PROFESSIONAL PRACTICE-PROFESSIONAL ETHICS
942 ## - ADDED ENTRY ELEMENTS (KOHA)
Suppress in OPAC 0
Source of classification or shelving scheme Dewey Decimal Classification
Holdings
Withdrawn status Lost status Damaged status Not for loan Home library Current library Shelving location Date acquired Total Checkouts Full call number Date last seen Price effective from Koha item type
        Archives Archives RICS Boxes 02/07/2025   RICS 2000/95 02/07/2025 02/07/2025 Book